El sentido del sufrimiento (Registro nro. 110901)

Detalles MARC
001 - NÚMERO DE CONTROL
campo de control 361874
005 - FECHA Y HORA DE LA ÚLTIMA TRANSACCIÓN
campo de control 20260506082812.0
008 - DATOS DE LONGITUD FIJA--INFORMACIÓN GENERAL
campo de control de longitud fija 990326s1979 spa
035 ## - NÚMERO DE CONTROL DEL SISTEMA
Número de control de sistema 361874
035 ## - NÚMERO DE CONTROL DEL SISTEMA
Número de control de sistema (OCoLC)630834856
040 ## - FUENTE DE LA CATALOGACIÓN
Centro/agencia transcriptor comduadb
041 ## - CÓDIGO DE LENGUA
Código de lengua del texto/banda sonora o título independiente spa
082 #4 - NÚMERO DE LA CLASIFICACIÓN DECIMAL DEWEY
Número de clasificación 193
245 13 - MENCIÓN DE TÍTULO
Título El sentido del sufrimiento
260 ## - PUBLICACIÓN, DISTRIBUCIÓN, ETC.
Lugar de publicación, distribución, etc. Argentina :
Nombre del editor, distribuidor, etc. Goncourt,
Fecha de publicación, distribución, etc. 1979.
300 ## - DESCRIPCIÓN FÍSICA
Extensión 77 páginas
500 ## - NOTA GENERAL
Nota general Compra:C.C.8601 Libreria Continental:mar./99.
650 #7 - PUNTO DE ACCESO ADICIONAL DE MATERIA--TÉRMINO DE MATERIA
Término de materia o nombre geográfico como elemento de entrada Filosofía alemana
Fuente del encabezamiento o término lemb
9 (RLIN) 7804
650 #7 - PUNTO DE ACCESO ADICIONAL DE MATERIA--TÉRMINO DE MATERIA
Término de materia o nombre geográfico como elemento de entrada Sufrimiento
Fuente del encabezamiento o término lemb
9 (RLIN) 4230
942 ## - ELEMENTOS DE ENTRADA AGREGADA (KOHA)
Tipo de ítem Koha Libros
Existencias
Estado de retiro Estado de pérdida Estado dañado No para préstamo Código de colección Localización permanente Ubicación/localización actual Fecha de adquisición Fuente de adquisición Coste, precio normal de compra Número de inventario Total de préstamos Signatura topográfica completa Código de barras Fecha visto por última vez Fecha del último préstamo Número de copia Precio válido a partir de Tipo de ítem Koha
        Colección General Piso 2 Biblioteca Carlos Gaviria Díaz, Campus Medellín Biblioteca Carlos Gaviria Díaz, Campus Medellín 26/03/1999 Otros proveedores 20100.00 C436211 1 193 S322se 0719487 31/01/2025 30/11/2024 1 22/04/2023 Libros